[Event "IND-ch U17 Girls"]
[Site "Saravanampatty"]
[Date "2017.11.01"]
[Round "11"]
[White "Jegatha, B."]
[Black "Bhanot, Stuti"]
[Result "1/2-1/2"]
[WhiteElo "1541"]
[BlackElo "1805"]
[PlyCount "41"]
[EventDate "2017.10.24"]
[EventType "swiss"]
[EventRounds "11"]
[EventCountry "IND"]
[SourceTitle "CBM 181 Extra"]
[Source "ChessBase"]
[SourceDate "2017.12.12"]
[SourceVersion "1"]
[SourceVersionDate "2017.12.12"]
[SourceQuality "1"]

1. d4 Nf6 2. c4 g6 3. Nc3 Bg7 4. e4 d6 5. f3 0-0 6. Be3 Nc6 7. Nge2 a6 8. Qd2 Rb8 9. g4 b5 10. cxb5 axb5 11. Rc1 e5 12. d5 Na5 13. Nxb5 Rxb5 14. Ng3 Qd7 15. b4 Rb8 16. bxa5 Ra8 17. h4 Ne8 18. Qb4 Ba6 19. Rc6 Qc8 20. Bxa6 Rxa6 21. Kf2 1/2-1/2

[Event "IND-ch U17 Girls"]
[Site "Saravanampatty"]
[Date "2017.10.28"]
[Round "7"]
[White "Jyothsna, L."]
[Black "Bhanot, Stuti"]
[Result "0-1"]
[WhiteElo "2121"]
[BlackElo "1805"]
[PlyCount "100"]
[EventDate "2017.10.24"]
[EventType "swiss"]
[EventRounds "11"]
[EventCountry "IND"]
[SourceTitle "CBM 181 Extra"]
[Source "ChessBase"]
[SourceDate "2017.12.12"]
[SourceVersion "1"]
[SourceVersionDate "2017.12.12"]
[SourceQuality "1"]

1. d4 Nf6 2. c4 g6 3. Nc3 Bg7 4. Nf3 0-0 5. e3 d6 6. Be2 Nbd7 7. 0-0 e5 8. b3 Re8 9. Bb2 e4 10. Nd2 Nf8 11. Qc2 Bf5 12. Rae1 h5 13. Qc1 Bh6 14. d5 a6 15. Na4 N8d7 16. Bd4 Ne5 17. Qc3 b5 18. Nb2 a5 19. cxb5 Nxd5 20. Qc2 Nf3+ 21. gxf3 exf3 22. Qxf5 gxf5 23. Bxf3 Nb6 24. Kh1 Rb8 25. Rg1+ Kf8 26. a4 Qh4 27. Nd3 Re6 28. Bc6 Rg6 29. Nf3 Rxg1+ 30. Rxg1 Qh3 31. Nd2 Nc8 32. Rg3 Qh4 33. Nf3 Qd8 34. Nd2 Ne7 35. Bf6 Qc8 36. Bxe7+ Kxe7 37. Nf3 Kf8 38. Nd4 Bg7 39. Nf4 Bxd4 40. exd4 Qd8 41. Ne2 h4 42. Re3 Qg5 43. f4 Qg7 44. Rd3 Qg4 45. Ng1 Kg7 46. Rf3 Rg8 47. h3 Qg6 48. Rf2 Kf8 49. Rg2 Qe6 50. Rxg8+ Kxg8 0-1

[Event "Sonipat Prakash Singh Memorial 1st"]
[Site "Sonipat"]
[Date "2017.04.19"]
[Round "5"]
[White "Bhanot, Stuti"]
[Black "Himanshu, Sharma"]
[Result "0-1"]
[WhiteElo "1838"]
[BlackElo "2493"]
[PlyCount "64"]
[EventDate "2017.04.17"]
[EventType "swiss"]
[EventRounds "10"]
[EventCountry "IND"]
[SourceTitle "CBM 177 Extra"]
[Source "ChessBase"]
[SourceDate "2017.04.27"]
[SourceVersion "1"]
[SourceVersionDate "2017.04.27"]
[SourceQuality "1"]

1. e4 c5 2. Nc3 Nc6 3. f4 e6 4. Nf3 d5 5. Bb5 d4 6. Ne2 Nge7 7. 0-0 a6 8. Bxc6+ Nxc6 9. d3 Be7 10. Kh1 b5 11. Bd2 0-0 12. Qe1 f5 13. Ng3 Qc7 14. c3 dxc3 15. bxc3 Qd6 16. d4 Na5 17. Be3 Nc4 18. Rd1 Qc7 19. Ne5 Nxe5 20. fxe5 cxd4 21. cxd4 fxe4 22. Rxf8+ Bxf8 23. Nxe4 Bb7 24. Ng5 Qc2 25. Rd2 Qg6 26. Qd1 h6 27. Nh3 Bb4 28. Rf2 Qe4 29. Qb3 Bd5 30. Qxb4 Qxe3 31. Kg1 Rc8 32. Qd2 Rc1+ 0-1

[Event "IND-ch U15 Girls"]
[Site "Jammu"]
[Date "2015.09.24"]
[Round "5"]
[White "Harshita, Guddanti"]
[Black "Bhanot, Stuti"]
[Result "1/2-1/2"]
[WhiteElo "2181"]
[BlackElo "1814"]
[PlyCount "92"]
[EventDate "2015.09.21"]
[EventType "swiss"]
[EventRounds "11"]
[EventCountry "IND"]
[SourceTitle "EXT 2016"]
[Source "ChessBase"]
[SourceDate "2015.10.08"]
[SourceVersion "1"]
[SourceVersionDate "2015.10.08"]
[SourceQuality "1"]

1. e4 e6 2. d4 d5 3. Nc3 Nf6 4. Bg5 Be7 5. e5 Nfd7 6. Bxe7 Qxe7 7. f4 0-0 8. Nf3 c5 9. Qd2 Nc6 10. 0-0-0 f6 11. exf6 Qxf6 12. g3 Rd8 13. Qe3 Nf8 14. Ne2 c4 15. Ne5 Qe7 16. h4 a5 17. g4 Nd7 18. Nxc6 bxc6 19. f5 Nf6 20. Bh3 Ne4 21. Ng3 exf5 22. gxf5 Re8 23. Nxe4 Qxe4 24. Qg5 Qe3+ 25. Kb1 Qxg5 26. hxg5 Kf7 27. Bg4 Re4 28. Bh5+ Kf8 29. f6 gxf6 30. gxf6 Rf4 31. Rhf1 Rf5 32. Kc1 Bd7 33. Kd2 Ra7 34. Rxf5 Bxf5 35. Re1 Bg6 36. Bxg6 hxg6 37. Re6 Rc7 38. Ke3 Kf7 39. Rd6 g5 40. Kf3 a4 41. Kg4 Kg6 42. b3 cxb3 43. cxb3 axb3 44. axb3 Rb7 45. Rxc6 Rxb3 46. Rc5 Rd3 1/2-1/2

[Event "IND-ch U13 Girls"]
[Site "Puducherry"]
[Date "2013.07.03"]
[Round "5"]
[White "Harshini, A."]
[Black "Bhanot, Stuti"]
[Result "1-0"]
[WhiteElo "1612"]
[BlackElo "1527"]
[PlyCount "60"]
[EventDate "2013.06.30"]
[EventType "swiss"]
[EventRounds "11"]
[EventCountry "IND"]
[SourceTitle "EXT 2014"]
[Source "ChessBase"]
[SourceDate "2013.11.20"]
[SourceVersion "1"]
[SourceVersionDate "2013.11.20"]
[SourceQuality "1"]

1. e4 e6 2. d4 d5 3. Nc3 Nf6 4. e5 Nfd7 5. f4 c5 6. Nf3 Nc6 7. Be3 a6 8. g3 b5 9. a3 Qb6 10. Bg2 Bb7 11. Ne2 h6 12. 0-0 0-0-0 13. Kh1 Be7 14. dxc5 Bxc5 15. Bxc5 Nxc5 16. Ned4 Ne4 17. Nxc6 Bxc6 18. Qd4 Qb7 19. Ne1 Kb8 20. Nd3 Rc8 21. Qe3 g5 22. Bxe4 dxe4 23. Nc5 Qa7 24. b4 g4 25. Kg2 Rhd8 26. Rfd1 Rd5 27. Rxd5 exd5 28. f5 a5 29. Qd4 h5 30. Rd1 a4 1-0